[Event "Legends of Chess"]
[Site "Online"]
[Date "2020.07.31"]
[Round "2.2"]
[White "Nepomniachtchi, Ian"]
[Black "Giri, Anish"]
[Result "1-0"]
[WhiteElo "2778"]
[BlackElo "2731"]
[EventDate "2020.??.??"]
[Annotator "Bojkov,Dejan"]
[PlyCount "80"]
[Beauty "7631620033574"]
[EventType "team-tourn"]

1.e4 e5 2.Bc4 Nf6 3.d3 Nc6 4.Nc3 {Nepomniachtchi has been extremely successful in reviving this old Vienna line.} 4...Bb4 {This should not have come as a surprise for Nepomniachtchi as Giri used the line twice recently to hold on against strong opposition.} 5.Nf3 ( {In both Giri's games an opposite-colored bishop middlegame emerged via different routes:} 5.Ne2 d5 6.exd5 Nxd5 7.O-O Be6 8.a3 Bxc3 9.bxc3 O-O 10.Bxd5 Qxd5 11.Be3 b6 {Nakamura,H (2736)-Giri,A (2768) chess.com INT 2020} ) 5...d6 ( {Against Grischuk Giri tried instead:} 5...d5 6.exd5 Nxd5 7.O-O Bxc3 8.bxc3 O-O 9.Qe1 Re8 10.Ng5 Bf5 11.f3 Na5 12.Bb3 Nxb3 13.axb3 Bg6 {and White could not squeeze much out of the opening, Grischuk,A (2777)-Giri,A (2764) chess24.com INT 2020} ) 6.O-O Bxc3 7.bxc3 Na5 8.Bb3 ( {White can trade the bishops instead with} 8.Bb5+ Bd7 9.c4 a6 10.Bxd7+ Nxd7 11.Bg5 f6 12.Bd2 Nc6 13.Nh4 O-O 14.f4 exf4 15.Rxf4 Nde5 {with solid position for the second player in Rublevsky,S (2652)-Stojanovic,D (2502) Subotica 2019} ) 8...h6 9.h3 Qe7 $146 ( {An earlier game saw instead} 9...O-O 10.Re1 ( {However, White can do better exploiting the f-file with} 10.Nh2 ) 10...Re8 11.Bb2 c5 12.c4 a6 13.Qd2 Be6 14.Bc3 Nxb3 15.cxb3 b5 {and Black did fine in Sadovy,L (1318)-Dementieva,K (1356) Kimry 2017} ) 10.Nh2 {With the clear intention of f2-f4!} 10...Nxb3 {Black has an aggressive idea in mind.} ( {Perhaps it made sense to wait a bit with the opening of the a-file and castle long first as in the line} 10...Bd7 11.f4 O-O-O 12.c4 $5 ) 11.axb3 g5 {The point. Giri hopes he can block the opponent's kingside play. It is not clear though where he intends to hide his king, especially with the half-opened a-file against his potential queenside castle.} 12.Re1 {Nepomniachtchi makes immediate use of the weakness of the f5-spot and sends his knight there.} 12...Rg8 13.Nf1 g4 ( {The slow} 13...h5 14.Ne3 h4 {which prepares g5-g4 will be obviously met with} ( {Or} 14...g4 15.h4 g3 16.Qf3 gxf2+ 17.Qxf2 {which looks very good for White.} ) 15.f3 {White has all of the plans on the queenside, regardless if Black will castle there or not.} ) 14.h4 $1 {Naturally, the kingside should be locked. g2-g3 is on the agenda.} 14...g3 {No hesitation. Giri needs the half-open file for his rooks.} 15.fxg3 ( {But not} 15.Nxg3 Ng4 16.h5 Qh4 {when Black has at least a draw after} 17.Qf3 Nh2 18.Qe2 Ng4 {with repetition.} ) 15...Rg6 16.b4 {Expanding on the queenside with the clear intention to fix the a7-pawn and to limit the remaining black pieces with his pawns.} ( {The other way to play it} 16.Qf3 Ng4 17.Ne3 Nxe3 18.Qxe3 a6 19.c4 {seems less promising for White.} ) 16...Nh5 {Apparently, Giri planned this in advance. But he is about to be shocked.} 17.Qxh5 $1 {Very nice!} ( {White definitely needs to avoid} 17.Kh2 $2 Nxg3 $1 18.Nxg3 Qxh4+ {when Black wins.} ) ( {However,} 17.Qf3 {was perfectly playable.} ) 17...Bg4 18.Qxg6 fxg6 19.Bxh6 {Nepomniachtchi has more than enough material for the queen - a rook, knight and a couple of pawns. But it is the indisputable control over the dark-squares and the only open file which makes Black's position horrific.} 19...Kd7 20.Ne3 Be6 21.Rf1 Qh7 22.Bg5 Qg8 23.Rf6 ( {The immediate} 23.c4 $5 {made perfect sense too.} ) 23...a6 24.Raf1 Re8 25.c4 {The knight is ready to occupy the center.} 25...b6 ( {There is nothing that Black can do about it, as:} 25...c6 26.g4 Kc7 27.Bh6 Qh7 28.g5 {followed by g2-g4 and h4-h5 would also improve White's position decisively.} ) 26.Nd5 Kc6 ( {Nothing changes after} 26...Bxd5 27.cxd5 ) 27.R6f2 Qg7 28.Kh2 {No rush at all. When one has decisive edge on a certain color, it can never disappear.} 28...Kb7 29.Nc3 ( {There was a more direct approach:} 29.c5 {when White's initiative quickly turns into decisive attack, say after} 29...dxc5 ( {If} 29...Bxd5 30.exd5 bxc5 31.Rf7 Qg8 32.bxc5 dxc5 33.d6 {and Black cannot defend the seventh rank.} ) 30.bxc5 b5 31.c4 c6 {Now} 32.Rf6 $1 {opens the floodgate for the white rooks and it will be soon over after:} 32...cxd5 33.cxd5 Bg8 34.Rb6+ Ka7 35.Rff6 ) 29...Ra8 30.Rf6 Qg8 31.c5 {One way or another the black king will be exposed.} 31...Qe8 32.Nd5 dxc5 33.bxc5 bxc5 ( {Or} 33...Bxd5 34.exd5 bxc5 35.Rb1+ Kc8 36.Bh6 {with the unstoppable threat of Rf6-f8.} ) 34.Rb1+ Kc8 35.Bh6 Kd7 36.Rb7 ( {Also good was} 36.c4 $1 ) 36...Bxd5 37.exd5 Kc8 ( {The most resilient} 37...Qd8 38.Rf8 Qxf8 39.Bxf8 Rxf8 40.Ra7 Rf6 41.g4 {would not have saved Black either.} ) 38.Rb1 {Shifting back to the other open file and gaining material.} 38...Kd7 39.Rbf1 Rd8 40.Rf8 Qe7 1-0

[Event "2020 FIDE Online Olympiad"]
[Site "?"]
[Date "2020.08.23"]
[Round "5.1"]
[White "Anand, Viswanathan"]
[Black "Maghsoodloo, Parham"]
[Result "0-1"]
[WhiteElo "2751"]
[BlackElo "2532"]
[EventDate "2020.08.07"]
[Annotator "Bojkov,Dejan"]
[PlyCount "70"]
[Beauty "7976828025881"]
[EventType "team-tourn"]
[EventRounds "9"]

{[Annotations by GM Dejan Bojkov]} 
1.e4 c5 2.Nf3 Nc6 3.d4 cxd4 4.Nxd4 e5 5.Nb5 d6 6.c4 {In the Kalashnikov Sicilian Black delays the development of his kingside knight as it often stands better on e7 than on f6. The drawback of this plan is that White can gain better control over the d5 square.} 6...Be6 {Maghsoodloo had already tested this line recently.} 7.N1c3 ( {In the Iranian's earlier game Shabalov chose instead} 7.b3 Nf6 8.Bd3 g6 9.O-O a6 10.N5c3 Bg7 11.Nd5 Bxd5 12.cxd5 Nd4 13.a4 O-O 14.Ba3 b5 {as in Shabalov,A (2528)-Maghsoodloo,P (2676) chess.com INT 2020} ) 7...a6 8.Na3 g6 9.Nc2 Bg7 10.Be3 {Anand's play is natural.} ( {Nobody had tried yet} 10.Ne3 ) 10...Nf6 {Finally Black decided that it is a good moment to bring this knight on "its" square.} 11.Be2 Rc8 12.b3 {Reinforcing the c4 advance post, but weakening the knight from behind.} ( {Black is already looking for a good time to free himself with the help of the b7-b5 and d6-d5 breaks. For instance if White tries to put pressure on the d6 pawn:} 12.Qd2 Ne7 13.Na3 O-O 14.Rd1 {Black can already do} 14...b5 15.cxb5 axb5 16.Naxb5 d5 17.exd5 Nfxd5 {With compensation for the pawn after both} 18.O-O Nxe3 ( {or} 18...Nxc3 19.Nxc3 Qc7 ) 19.Qxe3 Qa5 ) ( 12.Rc1 O-O 13.O-O Ne7 14.Na3 Nc6 15.Re1 Nd4 16.f3 Qb6 17.Rb1 Nxe2+ 18.Rxe2 Qb4 19.Rd2 Rfd8 20.c5 {was Ivanchuk,V (2715)-Jobava,B (2727) Wijk aan Zee 2015} ) 12...O-O 13.O-O b5 $146 {A logical novelty by Maghsoodloo which aims to use the pin along the c-file.} ( {An earlier game was from one of Anand's former seconds:} 13...Qa5 14.Bd2 Qd8 15.Rc1 Nd4 16.f3 Nxc2 17.Rxc2 Qb6+ 18.Kh1 Nh5 19.Qc1 f5 {which White eventually won, Ganguly,S (2676)-Potapov,P (2483) Pardubice 2016} ) 14.cxb5 ( {After} 14.Rc1 bxc4 15.Bxc4 Bxc4 16.bxc4 Na5 {Black does not experience any problems and may either win a pawn with} 17.Na3 Nxc4 ( {or repeat moves with} 17...Nc6 18.Nc2 Na5 ) 18.Nxc4 Rxc4 19.Qd3 Rc6 20.Nd5 ) 14...Ne7 {The most forcing continuation.} ( {Although} 14...axb5 15.Nxb5 Nxe4 {also seems fine for Black.} ) 15.Bd2 {Anand's choice is the most reliable one.} ( {The forcing line} 15.Qd2 Qa5 16.Nd5 Qxd2 17.Nxe7+ Kh8 18.Bxd2 Rxc2 19.Rfd1 Nxe4 20.Bd3 Rxd2 21.Bxe4 Rxd1+ 22.Rxd1 axb5 23.Rxd6 Bf6 {favors Black instead due to his bishop pair.} ) 15...axb5 16.Bxb5 Qb6 17.Na3 {A tricky idea to activate the knight as early as possible.} ( {After the obvious} 17.a4 Rxc3 {is still possible:} ( {However, White may have disliked} 17...Qb7 18.Re1 d5 19.exd5 Nexd5 ( {Not} 19...Nfxd5 20.Ne4 ) 20.Nxd5 Nxd5 {with full compensation for the pawn.} ) 18.Bxc3 Nxe4 19.Bb4 {although it seems like a better version of the game for White.} ) 17...Rxc3 $1 {The Sicilian exchange sacrifice this time comes without any extras. But even though Black does not win even a pawn for it, he is happy with his impressive mobile center.} ( {Against} 17...d5 18.exd5 Nfxd5 {White planned} 19.Nc4 Qb8 20.Nxd5 Nxd5 21.a4 {although Black seems OK here too with} 21...Nc7 ) 18.Bxc3 Nxe4 19.Bb2 d5 {Black's central majority is moving easily forward, whereas White needs to first clear the road for his own passers.} 20.Be2 d4 21.Nc4 ( {Similar would have been} 21.Qc2 Nd6 22.Rfc1 e4 ) 21...Bxc4 {Maghsoodloo decided that this knight should not stay on the board.} ( {Although} 21...Qc7 22.Qc2 f5 {also seemed interesting.} ) 22.Bxc4 Nd6 23.Ba3 ( {Of course not} 23.Be2 e4 {which only helps Black.} ) 23...Nef5 24.Rc1 {The most natural reaction.} ( {However, there was an even more powerful way to bring this rook out:} 24.Bxd6 Nxd6 25.a4 e4 26.a5 Qa7 27.Ra4 $1 {The rook on a4 is perfect. It not only hits the black pawns, it protects his own knight and supports the passers.} ) 24...e4 25.Bc5 ( {In case of} 25.Bd5 Qa5 26.Bc5 {Black needs to go for} 26...d3 {in order to meet} ( {But not} 26...Qxa2 27.g4 $1 ) 27.g4 {with} 27...Nd4 $1 ) 25...Qd8 26.Re1 {Apparently Anand did not yet consider the passers to be a decisive force.} ( {Otherwise he could have blocked them with} 26.Bxd6 Nxd6 27.f3 Nxc4 28.Rxc4 e3 29.Qd3 {After} 29...Re8 {the position is dynamically balanced with Black compensating for his exchange deficit with more advanced passers and safer king. It can all end peacefully after, say:} 30.b4 Qd7 31.Rd1 e2 32.Re1 Re3 33.Qd2 Qe6 34.Rxd4 Bxd4 35.Qxd4 Ra3 36.Qd8+ Kg7 37.Qd4+ ) 26...Re8 27.b4 ( {It was not too late for} 27.Bxd6 Nxd6 28.Qd2 ) 27...Nxc4 $1 {A very concrete and forcing decision.} 28.Rxc4 e3 29.fxe3 Nxe3 {The knight on such an outpost is worth a rook. It is so close to the white king!} 30.Qa4 ( {After} 30.Rxe3 {Black would not recapture with the pawn} 30...dxe3 ( {but would play instead} 30...Rxe3 $1 {with the advantage.} ) 31.Qxd8 Rxd8 32.Bxe3 {which loses for the second player.} ) 30...Re6 31.Rcc1 Qd5 32.Re2 d3 {A bluff!} ( {Black needed to proceed instead with} 32...h5 33.Qb5 Bh6 {mounting pressure, with a clear advantage.} ) 33.Rd2 ( {Both player apparently missed that in the line} 33.Rxe3 Bd4 {White can defend everything with} 34.Qa7 $1 {and it is White who is winning.} ( {They only saw} 34.Bxd4 Qxd4 {which is of course winning for White.} ) ) 33...Bd4 {Now Black wins with direct attack.} 34.Kh1 Nxg2 $1 {The knight delivered the final blow.} 35.Qb3 ( {Or else checkmate:} 35.Rxg2 Re2 36.Rg1 Qxg2+ 37.Rxg2 Re1+ 38.Rg1 Rxg1# ) 35...Qa8 {White resigned and there is no escape from the threats on the long diagonal.} 0-1

[Event "Magnus Carlsen Chess Tour Finals benefi"]
[Site "?"]
[Date "2020.08.10"]
[Round "9.1"]
[White "Ding, Liren"]
[Black "Carlsen, Magnus"]
[Result "0-1"]
[WhiteElo "2836"]
[BlackElo "2881"]
[EventDate "2020.??.??"]
[Annotator "Bojkov,Dejan"]
[PlyCount "71"]
[Beauty "7972533047311"]
[EventType "simul"]
[EventRounds "2"]

1.e4 e5 2.Nf3 Nc6 3.Bc4 {The Italian game shines again as a top-level choice.} 3...Bc5 4.O-O Nf6 5.d3 d6 6.c3 a6 7.Re1 h6 8.a4 O-O 9.Nbd2 Re8 ( {Carlsen has played this line with both colors. His most recent effort saw:} 9...Ba7 10.Nf1 Re8 11.Be3 Bxe3 12.Nxe3 Be6 13.Bxe6 Rxe6 14.b4 a5 15.b5 Ne7 16.Qc2 Ng6 17.g3 d5 {and Black eventually defended in Carlsen,M (2863)-Kramnik,V (2753) chess24.com INT 2020} ) 10.h3 Be6 11.Bxe6 Rxe6 12.b4 Ba7 13.Bb2 ( {Their previous encounter saw instead:} 13.Qc2 Qd7 14.Nf1 d5 15.Be3 Bxe3 16.Nxe3 Ne7 17.a5 Ng6 18.g3 Rd8 19.Kg2 Qc6 20.Nf5 Ne7 21.Nxe7+ Rxe7 22.c4 {and eventually White prevailed in Ding,L (2791)-Carlsen,M (2863) chess24.com INT 2020} ) 13...Ne7 14.c4 a5 $146 {A novelty which aims to stop the enemy queenside expansion once and for all.} ( {The predecessor was another game of Kramnik, which was annotated for Chess.com readers last winter:} 14...Ng6 15.Nf1 b5 16.axb5 axb5 17.Ng3 bxc4 18.dxc4 Re8 19.Qc2 Qb8 20.Reb1 {White was pressing throughout the game, but Black eventually held in Radjabov,T (2757)-Kramnik,V (2777) Wijk aan Zee 2019} ) 15.bxa5 {Ding opens the b-file for his major pieces and hopes to build enough pressure while his opponent eventually gets the pawn back.} ( 15.b5 Ng6 {is approximately equal.} ) 15...Nc6 16.Bc3 {An obvious move, but an inaccuracy.} ( {Although} 16.Nb3 {should not promise White anything.} ) 16...Nd7 {The world champion follows his plan but this misses an excellent opportunity to activate his kingside pieces.} ( {Strong is} 16...Nh5 $1 {It is curious that later this knight landed on f4 anyway but after lengthy maneuvering. After:} 17.Nf1 ( {One reason why Nf6-h5 maneuver often does not work is the tactical shot:} 17.Nxe5 dxe5 18.Qxh5 {But after the simple:} 18...Qxd3 {the white bishop is once again misplaced.} ) ( {There is absolutely no time to develop queenside initiative with:} 17.Rb1 {due to:} 17...Nf4 18.Rxb7 Rg6 {when White's kingside crumbles into pieces.} ) 17...Nf4 {White lacks the resource Bc3-d2 that would chase the annoying knight away, and therefore Black's initiative mounts by itself.} ) 17.Rb1 Nc5 18.Nf1 Rg6 19.Ne3 Ne6 {Yes, the knight craves the f4-square. But the lost time matters.} 20.Nd5 $1 ( {Even here Ding does not have time to grab the pawn:} 20.Rxb7 Nf4 {Literally forces:} 21.Rxa7 ( {As otherwise White risks to be checkmated as in this line:} 21.Kh2 Qc8 $1 22.Rb1 Rxg2+ 23.Nxg2 Qxh3+ 24.Kg1 Qxg2# ) 21...Rxa7 22.Kh2 {which does not seem to promise enough compensation for the exchange.} ) 20...Rb8 21.Rb2 {Not only prepares the doubling of the rooks but also protects the second rank.} 21...Ng5 {This seems like an inaccuracy.} ( {Stronger is to trade the pieces via the d4-square:} 21...Ncd4 22.Kh2 ( {Or:} 22.Bxd4 Nxd4 23.Nxd4 Bxd4 24.Rb1 c6 25.Ne3 {which also does not seem to yield White much.} ) 22...Nxf3+ 23.Qxf3 Bd4 {with approximate equality.} ) 22.Nxg5 {Now Ding drags the black queen away from the queenside.} 22...Qxg5 23.Qf3 ( {Better would have been:} 23.Ne3 $1 Rf8 ( {Or the immediate:} 23...Bxe3 24.fxe3 ) 24.Qg4 Bxe3 25.fxe3 Qe7 ( {Black definitely needs to avoid the endgame after:} 25...Qxg4 26.hxg4 Rxg4 27.Rxb7 {when White is winning.} ) 26.Qf3 {The kingside is defended well, and White can concentrate on an attack along the half-open b-file. Notice that Black has not even had the time to take his pawn back yet.} ) 23...Bd4 24.Reb1 Bxc3 25.Nxc3 Nxa5 {Carlsen got his pawn back, and although his queenside remains under pressure things start to look better for him.} ( {Or:} 25...Nd4 26.Qg3 Qd8 ( {Once more the endgame should be avoided like the plague:} 26...Qxg3 27.fxg3 Rxg3 28.Rxb7 ) 27.Qe3 {which is also better for White.} ) 26.Nd5 Nc6 {Small tactics to re-centralize the knight.} ( {Maybe it is time to retreat the queen with:} 26...Qd8 27.Qe3 b6 {Although there too:} 28.f4 {is advantageous for White.} ) 27.Ne3 {Ding also decided to relocate the knight to a better position. From f5 it will defend the vital d4-point. But this takes precious time.} ( {Of course not:} 27.Rxb7 $4 Rxb7 28.Rxb7 Nd4 29.Qg4 Qc1+ ) 27...b6 {Now that the b7-pawn is out of danger, it is the white isolani that will suffer on the queenside.} 28.Nf5 ( {Maybe it made sense to admit his mistake and hop back to the center:} 28.Nd5 Nd4 29.Qg4 Qd8 ) 28...Ra8 29.h4 Qf4 $1 {The tables have turned. It is Carlsen who offers the queen swap, but the reason remains the same: the vulnerable queenside pawn.} 30.Qxf4 ( {Not much is changed after:} 30.Qd1 Qg4 31.Qxg4 Rxg4 32.Ra1 Ra7 {Followed by Rg4-g6-e6-e8-a8, and the a4-pawn should drop in the long run.} ) 30...exf4 31.d4 Rxa4 {Carlsen decided to sacrifice the exchange.} ( {Even better would have been the preliminary:} 31...f3 32.g3 Rg4 {Then White should try to trade as many pawns as he can to raise his survival chances:} 33.c5 dxc5 34.dxc5 bxc5 35.Rb5 Rxe4 36.Rxc5 Ra6 {but Black will remain in the driver's seat.} ) 32.d5 Ne5 33.Ne7+ Kh7 34.Nxg6 Kxg6 35.c5 ( {With little time Ding could not find the way to activate his rooks:} 35.Rc2 $1 {Would have been good, one idea is to meet:} 35...Rxc4 $2 ( {The way to bring the rooks out after:} 35...Nxc4 {is less obvious:} 36.Rcc1 $1 {and then anything would have been possible still.} ) 36.Rxc4 Nxc4 {With:} 37.Ra1 {and it will be White who is much better.} ) 35...bxc5 36.Rb8 ( 36.Rb8 {Black should win slowly after the obvious:} 36...Rxe4 37.Rd1 f3 ) 0-1